000 01632cam a2200349 a 4500
999 _c4142
_d4142
001 4142
003 BD-JhCC
005 20220330134021.0
008 080707s2009 nyu b 000 0 eng
020 _a9781599951683
020 _a1599951681
035 _a(BD-JhCC)4142
040 _aDLC
_cDLC
_dYDX
_dBTCTA
_dYDXCP
_dUKM
_dCQU
_dGK5
_dDLC
041 _aeng
050 0 0 _aBF637.S8
_bM3417 2009
082 0 0 _a158.1
_222
_bMAX 1973
100 1 _aMaxwell, John C.,
240 1 0 _aThinking for a change.
245 1 0 _aHow successful people think :
_bchange your thinking, change your life /
_cJohn C. Maxwell.
250 _a1st ed.
260 _aNew York :
_bCenter Street,
_cc1973.
300 _axxi, 127 p. ;
_c17 cm.
500 _aOriginally published as: Thinking for a change, 2003.
504 _aIncludes bibliographical references (p. [125]-127).
505 0 _aCultivate big-picture thinking -- Engage in focused thinking -- Harness creative thinking -- Employ realistic thinking -- Utilize strategic thinking -- Explore possibility thinking -- Learn from reflective thinking -- Question popular thinking -- Benefit from shared thinking -- Practice unselfish thinking -- Rely on bottom-line thinking.
650 0 _aSuccess
_xPsychological aspects.
650 0 _aThought and thinking.
856 4 1 _3Table of contents only
_uhttp://www.loc.gov/catdir/toc/ecip0823/2008029844.html
856 4 2 _3Contributor biographical information
_uhttp://www.loc.gov/catdir/enhancements/fy0914/2008029844-b.html
856 4 2 _3Publisher description
_uhttp://www.loc.gov/catdir/enhancements/fy0914/2008029844-d.html
942 _2ddc
_cBK
_010